000
00304pam a2200133 a 4500
020
_c
041
_h
082
_a
745.674
_b
CAR
100
_a
Pater Pairica Carter .
245
_a
Illuminated Alphabates
_h
Textual Documents
260
_a
[s.l]:
_b
Search press
300
_a
64:
_b
paper.
930
_a
6778
999
_c
240568
_d
240568